New Forest DC and Parker Bath Company Ltd (Record no. 50741)

MARC details
000 -LEADER
fixed length control field 01118cab a2200217 4500
001 - CONTROL NUMBER
control field X86198
008 - FIXED-LENGTH DATA ELEMENTS--GENERAL INFORMATION
fixed length control field 090401t1997 xxu||||| |||| 00| 0 eng d
035 ## - SYSTEM CONTROL NUMBER
System control number (Sirsi) u80609
041 ## - LANGUAGE CODE
Language code of text/sound track or separate title eng
245 ## - TITLE STATEMENT
Title New Forest DC and Parker Bath Company Ltd
260 ## - PUBLICATION, DISTRIBUTION, ETC.
Date of publication, distribution, etc. 1997
350 ## - PRICE (NR) (BK AM CF MU VM SE) [OBSOLETE]
Price 0
490 ## - SERIES STATEMENT
Series statement Planning Appeal Decisions
Volume/sequential designation [1997] 12 PAD 348-354(7)
520 ## - SUMMARY, ETC.
Summary, etc. Outline application-B1/B2 use building-5574m-car parking-landscaping-access road-in and by industrial estate-Green Belt-very special circumstances-Structure, Local and District Plans-New Forest Heritage Area-impact on character and appearance of countryside-adequacy of planning conditions-alternative site-appellants recently taken over by foreign company-abandoned mineral working-personal permissions for companies inappropriate-rarely justified for permanent building-appellants not yet owners of site-difficulties of landscaping. Taken from headnote.
650 ## - SUBJECT ADDED ENTRY--TOPICAL TERM
Topical term or geographic name entry element GREEN BELT
650 ## - SUBJECT ADDED ENTRY--TOPICAL TERM
Topical term or geographic name entry element NEW FOREST HERITAGE AREA
650 ## - SUBJECT ADDED ENTRY--TOPICAL TERM
Topical term or geographic name entry element PLANNING APPLICATIONS
690 ## - LOCAL SUBJECT ADDED ENTRY--TOPICAL TERM (OCLC, RLIN)
Topical term or geographic name as entry element PLANNING LAW AND PRACTICE-CASE LAW
942 ## - ADDED ENTRY ELEMENTS (KOHA)
Suppress in OPAC 0
948 ## - LOCAL PROCESSING INFORMATION (OCLC); SERIES PART DESIGNATOR (RLIN)
c (OCLC) 02/09/1997
Holdings
Withdrawn status Lost status Source of classification or shelving scheme Damaged status Not for loan Home library Current library Shelving location Date acquired Total Checkouts Full call number Barcode Date last seen Copy number Price effective from Koha item type
    Dewey Decimal Classification     London London Journal article 14/09/1999   X86198 80609-1001 06/08/2019 1 06/08/2019 Law report